[Event "Piestany Slovakia op"]
[Site "Piestany"]
[Date "2021.07.17"]
[Round "8"]
[White "Mederly, Jan"]
[Black "Walterova, Ema"]
[Result "0-1"]
[WhiteElo "1310"]
[BlackElo "1823"]
[PlyCount "90"]
[EventDate "2021.07.10"]
[EventType "swiss"]
[EventRounds "9"]
[EventCountry "SVK"]
[SourceTitle "CBM 203 Extra"]
[Source "ChessBase"]
[SourceDate "2021.09.30"]
[SourceVersion "1"]
[SourceVersionDate "2021.09.30"]
[SourceQuality "1"]

1. e4 e5 2. Nf3 Nc6 3. Bc4 Bc5 4. 0-0 d6 5. h3 Nf6 6. d3 h6 7. c3 Be6 8. Bb3 Bb6 9. Be3 0-0 10. Nbd2 d5 11. Ne1 d4 12. cxd4 Nxd4 13. Nc4 Re8 14. Nc2 Bc5 15. Bxd4 Bxd4 16. Nxd4 Qxd4 17. Qc2 Rad8 18. Rad1 Nh5 19. Qc3 Nf4 20. Qxd4 Rxd4 21. Bc2 Bxc4 22. dxc4 Rxc4 23. Rd2 Rd4 24. Rfd1 c5 25. Kh2 Red8 26. Rxd4 exd4 27. g3 Ng6 28. f4 b5 29. a4 a6 30. e5 Ne7 31. axb5 axb5 32. f5 Nd5 33. e6 Ne3 34. Rc1 Nxc2 35. Rxc2 fxe6 36. Rxc5 d3 37. fxe6 d2 38. e7 d1Q 39. exd8Q+ Qxd8 40. Rc2 Kf7 41. b4 Qe7 42. Rf2+ Ke8 43. Rf4 g5 44. Rg4 h5 45. Rd4 Qe2+ 0-1

[Event "Piestany Slovakia op"]
[Site "Piestany"]
[Date "2021.07.13"]
[Round "4"]
[White "Mederly, Jan"]
[Black "Kapolkova, Greta"]
[Result "1/2-1/2"]
[WhiteElo "1310"]
[BlackElo "1472"]
[PlyCount "42"]
[EventDate "2021.07.10"]
[EventType "swiss"]
[EventRounds "9"]
[EventCountry "SVK"]
[SourceTitle "CBM 203 Extra"]
[Source "ChessBase"]
[SourceDate "2021.09.30"]
[SourceVersion "1"]
[SourceVersionDate "2021.09.30"]
[SourceQuality "1"]

1. f4 d5 2. Nf3 Nc6 3. e3 Bf5 4. Bb5 f6 5. Nd4 Bd7 6. Qh5+ g6 7. Qxd5 Nxd4 8. Bxd7+ Qxd7 9. Qxd7+ Kxd7 10. exd4 e6 11. 0-0 Nh6 12. b3 c5 13. Bb2 Rc8 14. dxc5 Bxc5+ 15. d4 Bb4 16. c4 Ke7 17. Ba3 Bxa3 18. Nxa3 Rhd8 19. Rad1 Nf5 20. Nc2 a5 21. Rfe1 Kf7 1/2-1/2